000 00289nam a22001337a 4500
008 180313b xxu||||| |||| 00| 0 eng d
020 _a9780321168184
041 _aeng
080 _22nd
_a336
100 _a56
101 _aFIN
245 _aPersonal Finance
_cMadura,J
942 _2udc
_cBK
999 _c44873
_d44873